| Tag |
First Indicator |
Second Indicator |
Subfields |
| LEADER |
00000cam a2200000 a 4500 |
| 001 |
in00001411708 |
| 005 |
20151020070636.0 |
| 008 |
970129s1997 inua 001 0 eng |
| 010 |
|
|
|a 96080330
|
| 020 |
|
|
|a 1568303645 (pbk.)
|
| 035 |
|
|
|a (OCoLC)37865652
|
| 035 |
|
|
|9 AHP9797AM
|
| 040 |
|
|
|a DLC
|c DLC
|d SDE
|d SLU
|d TXA
|d UtOrBLW
|
| 042 |
|
|
|a pcc
|
| 049 |
|
|
|a TXAM
|
| 050 |
1 |
4 |
|a T385
|b .I44 1997
|
| 051 |
|
|
|a LC
|c 9705 BOOK NOT YET IN LC
|
| 092 |
|
|
|a 006.6869
|b Illustrator
|
| 245 |
0 |
0 |
|a Illustrator 7 complete /
|c Jen Alspach [and others].
|
| 246 |
3 |
|
|a Illustrator seven complete
|
| 264 |
|
1 |
|a Indianapolis, Ind. :
|b Hayden Books,
|c [1997]
|
| 264 |
|
4 |
|c ©1997
|
| 300 |
|
|
|a xvii, 589 pages :
|b illustrations ;
|c 23 cm.
|
| 336 |
|
|
|a text
|b txt
|2 rdacontent
|
| 337 |
|
|
|a unmediated
|b n
|2 rdamedia
|
| 338 |
|
|
|a volume
|b nc
|2 rdacarrier
|
| 500 |
|
|
|a Includes index.
|
| 650 |
|
0 |
|a Computer graphics.
|
| 630 |
0 |
0 |
|a Adobe Illustrator (Computer file)
|
| 700 |
1 |
|
|a Alspach, Jennifer.
|
| 948 |
|
|
|a c:pk
|
| 999 |
|
|
|a MARS
|
| 999 |
f |
f |
|s 04a30a84-592d-384b-a93c-e046dbc497fd
|i e85f5551-7153-3f86-890f-e4d9262b6e20
|t 0
|